000 01477cam a22003251 4500
001 124626
005 20230410132635.0
008 720107s1961 nyu 000 0 eng
020 _a9780802131782
020 _a9781555846985
040 _aeng
050 1 4 _aPS 3525
_bM647t 1961
082 0 0 _a813.5
100 1 _aMiller, Henry,
_d1891-1980.
245 1 0 _aTropic of Cancer /
_cHenry Miller
260 _aNew York :
_bGrove Press,
_c[1961]
300 _a318 p. ;
_c22 cm.
500 _aOriginally published: New York : Grove Press, ©1961.
520 _a[This book] was banned as obscene in this country for twenty-seven years after its first publication in Paris in 1934. Only a ... court ruling that changed American censorship standards, ushering in a new era of freedom and frankness in modern literature, permitted the publication of this first volume of Miller's famed mixture of memoir and fiction, which chronicles with unapologetic gusto the bawdy adventures of a young expatriate writer, his friends, and the characters they meet in Paris in the 1930s.-Back cover.
650 0 _aAmericans
_zFrance
_vFiction.
651 0 _aParis (France)
_vFiction.
650 0 _aBohemianism
_vFiction.
650 0 _aSex customs
_vFiction.
650 0 _aAuthorship
_vFiction.
650 4 _aNovela estadounidense.
650 4 _aLiteratura erótica.
650 4 _aNovela erótica.
710 2 _aRouben Mamoulian Collection (Library of Congress)
_5DLC
942 _2lcc
_cbk
999 _c85140
_d85140